Detalles MARC
| 000 -LIDER |
| fixed length control field |
01204nam a22003257a 4500 |
| 003 - IDENTIFICACDOR DE NÚMERO DE CONTROL |
| control field |
DO-SdBNP |
| 005 - DATE AND TIME OF LATEST TRANSACTION |
| control field |
20240125101202.0 |
| 008 - ELEMENTOS DE LONGITUD FIJA |
| fixed length control field |
180205b 1987 sp |||| 00| 0 spa d |
| 020 ## - ISBN |
| International Standard Book Number |
8485351991 |
| 040 ## - FUENTE DE CATALOGACIÓN |
| Agencia que crea de manera original el registro |
BPMSU |
| Idioma de catalogación |
spa |
| Agencia que realiza la transcripción |
BPMSU |
| 082 #4 - NÚMERO DE CLASIFICACIÓN DECIMAL DE DEWEY |
| Classification number |
618.92 |
| Item number |
W177n 1987 |
| Edition number |
22 |
| 100 1# - ASIENTO PRINCIPAL -- NOMBRE PERSONAL |
| Nombre personal |
Walker, Peter |
| 245 10 - MENCIÓN DE TITULO |
| Título |
Niños felices : |
| Subtítulo |
cómo tener y criar niños sanos desde el embarazo a los tres años / |
| Mención de responsabilidad |
Peter y Fiona Walker ; traducción Jimmy Clark, Begoña Orive ; ilustraciones Peter Mennim, Binny Mathews. |
| 260 ## - PUBLICACIÓN, DISTRIBUCIÓN, ETC. (PIE DE IMPRENTA) |
| Lugar de publicación, distribución, etc |
Barcelona : |
| Nombre del editor, distribuidor, etc. |
Integral Ediciones, |
| Fecha de publicación, distribución, etc |
1987 |
| 300 ## - DESCRIPCIÓN FÍSICA |
| Extensión |
141 p. : |
| Otros detalles físicos |
il. ; |
| Dimensiones |
25 cm |
| 490 0# - MENCIÓN DE SERIES |
| Mención de serie |
Los libros de integral ; |
| Volume/sequential designation |
21 |
| 500 ## - NOTA GENERAL |
| Materiales especificados |
Incluye bibliografía e índice. |
| 534 ## - NOTA SOBRE LA VERSIÓN ORIGINAL |
| Asiento principal del original |
Título original : |
| Mención del título original |
Natural parenting. A practical guide for fathers and mothers: conception to age 3. |
| 590 ## - NOTA LOCAL |
| Texto de la nota local |
Inventariado, 2024/VM |
| 650 #4 - ENCABEZAMIENTO DE MATERIA--TEMÁTICO |
| Término temático o nombre geográfico como elemento de entrada |
Embarazo. |
| 650 #4 - ENCABEZAMIENTO DE MATERIA--TEMÁTICO |
| Término temático o nombre geográfico como elemento de entrada |
Niños |
| Subdivisión temática general |
Cuidado e higiene. |
| 650 #4 - ENCABEZAMIENTO DE MATERIA--TEMÁTICO |
| Término temático o nombre geográfico como elemento de entrada |
Niños |
| Subdivisión temática general |
Crecimiento |
| 650 #4 - ENCABEZAMIENTO DE MATERIA--TEMÁTICO |
| Término temático o nombre geográfico como elemento de entrada |
Parto. |
| 700 1# - ASIENTO SECUNDARIO -- NOMBRE PERSONAL |
| Nombre personal |
Clark, Jimmy, |
| Mención de responsabilidad |
tr. |
| 700 1# - ASIENTO SECUNDARIO -- NOMBRE PERSONAL |
| Nombre personal |
Orive, Begoña |
| Mención de responsabilidad |
tr. |
| 700 1# - ASIENTO SECUNDARIO -- NOMBRE PERSONAL |
| Nombre personal |
Mennim, Peter, |
| Mención de responsabilidad |
il. |
| 700 1# - ASIENTO SECUNDARIO -- NOMBRE PERSONAL |
| Nombre personal |
Mathews, Binny, |
| Mención de responsabilidad |
il. |
| 910 ## - VALIDACIÓN |
| Validación |
VMateo V. Control de calidad. BPMSU |
| 942 ## - ADDED ENTRY ELEMENTS (KOHA) |
| Source of classification or shelving scheme |
Dewey Decimal Classification |
| Koha item type |
Libros |